Геохимические механизмы образования травертинов из пресных вод на юге Западной Сибири; Геология и геофизика; Т. 48, № 8

Bibliografiske detaljer
Parent link:Геология и геофизика: научный журнал/ Российская академия наук (РАН), Сибирское отделение (СО).— , 1960-
Т. 48, № 8.— 2007.— С. 852-861
Hovedforfatter: Шварцев С. Л. Степан Львович
Andre forfattere: Лепокурова О. Е. Олеся Евгеньевна, Копылова Ю. Г. Юлия Григорьевна
Summary:Исследован химический состав обычных пресных родников, отлагающих карбонатные травертины в тектонически-пассивных районах: Колывань-Томской складчатой зоне и Северо-Западном Салаире. Изучены особенности проявлений и минералого-петрографический состав образующих травертинов. Приведены результаты изучения изотопного состава углерода гидрокарбонат-иона вод и карбонатных травертинов. Выявлен генетический типа СО[2], сопровождающий образование травертинов, - биогенный. Изучено равновесие исследованных подземных под с алюмосиликатными и карбонатными минералами, результаты которого показали, что травертины - это продукт эволюции равновесно-неравновесной системы вода-порода. Предложены новые механизмы образования травертинов из холодных пресных вод.
Sprog:russisk
Udgivet: 2007
Fag:
Format: MixedMaterials Book Chapter
KOHA link:https://koha.lib.tpu.ru/cgi-bin/koha/opac-detail.pl?biblionumber=414695

MARC

LEADER 00000naa2a2200000 4500
001 414695
005 20231101072229.0
035 |a (RuTPU)RU\TPU\prd\70669 
090 |a 414695 
100 |a 20091013a2007 k y0rusy50 ca 
101 0 |a rus 
102 |a RU 
200 1 |a Геохимические механизмы образования травертинов из пресных вод на юге Западной Сибири  |f С. Л. Шварцев, О. Е. Лепокурова, Ю. Г. Копылова 
330 |a Исследован химический состав обычных пресных родников, отлагающих карбонатные травертины в тектонически-пассивных районах: Колывань-Томской складчатой зоне и Северо-Западном Салаире. Изучены особенности проявлений и минералого-петрографический состав образующих травертинов. Приведены результаты изучения изотопного состава углерода гидрокарбонат-иона вод и карбонатных травертинов. Выявлен генетический типа СО[2], сопровождающий образование травертинов, - биогенный. Изучено равновесие исследованных подземных под с алюмосиликатными и карбонатными минералами, результаты которого показали, что травертины - это продукт эволюции равновесно-неравновесной системы вода-порода. Предложены новые механизмы образования травертинов из холодных пресных вод. 
461 0 |0 (RuTPU)RU\TPU\prd\1420  |t Геология и геофизика  |o научный журнал  |f Российская академия наук (РАН), Сибирское отделение (СО)  |d 1960- 
463 0 |0 (RuTPU)RU\TPU\prd\63910  |t Т. 48, № 8  |v С. 852-861  |d 2007 
610 1 |a труды учёных ТПУ 
700 1 |a Шварцев  |b С. Л.  |c российский гидрогеолог, доктор геолого-минералогических наук  |c профессор Томского политехнического университета, академик РАЕН  |f 1936-  |g Степан Львович  |2 stltpush  |3 (RuTPU)RU\TPU\pers\25914 
701 1 |a Лепокурова  |b О. Е.  |c геолог  |c доцент Томского политехнического университета, кандидат геолого-минералогических наук  |f 1980-  |g Олеся Евгеньевна  |2 stltpush  |3 (RuTPU)RU\TPU\pers\32567 
701 1 |a Копылова  |b Ю. Г.  |c гидрогеолог  |c доцент Томского политехнического университета, кандидат геолого-минералогических наук  |f 1941-  |g Юлия Григорьевна  |2 stltpush  |3 (RuTPU)RU\TPU\pers\26086 
801 1 |a RU  |b 63413507  |c 20091013 
801 2 |a RU  |b 63413507  |c 20151002  |g RCR 
942 |c BK